Languages and compliers for parallel computing
Spremljeno u:
| Format: | Knjiga |
|---|---|
| Jezik: | Undetermined |
| Izdano: |
New York, NY
Springer-Verlag
2001
|
| Teme: | |
| Oznake: |
Dodaj oznaku
Bez oznaka, Budi prvi tko označuje ovaj zapis!
|
| Thư viện lưu trữ: | Trung tâm Học liệu Trường Đại học Cần Thơ |
|---|
| LEADER | 00520nam a2200181Ia 4500 | ||
|---|---|---|---|
| 001 | CTU_58775 | ||
| 008 | 210402s9999 xx 000 0 und d | ||
| 020 | |b 67 | ||
| 082 | |a 006.66 | ||
| 082 | |b L287 | ||
| 245 | 0 | |a Languages and compliers for parallel computing | |
| 245 | 0 | |c Edited by Samuel P. Midkiff ... [et al.] | |
| 260 | |a New York, NY | ||
| 260 | |b Springer-Verlag | ||
| 260 | |c 2001 | ||
| 650 | |a compiling ( electronic computers) | ||
| 904 | |i Minh | ||
| 980 | |a Trung tâm Học liệu Trường Đại học Cần Thơ | ||